000 00677nam a2200205Ia 4500
005 20241216011331.0
008 190429s9999||||xx |||||||||||||| ||und||
082 _a616.07561
_bC29
100 _aCASTILLO CALLUPE, CARMELA GUD
245 0 _aESTUDIO COMPARATIVO DE LOS NIVELES DE CONCENTRACION DE PLOMO EN LA SANGRE EN NIÑOS DE 3 A 8 AÑOS DE EDAD DE LA LOCALIDAD DE PARAGSHA Y TUPAC AMARU CERRO DE PASCO JULIO - 1994
250 _a0
260 _aCERRO DE PASCO-PERU
_bUNDAC
_c1994
300 _a49 pag.
_c30 cm.
341 _h0
490 _v0
_a0
505 _aMATERIALES-METODOS-RESULTADOS
541 _aD
_d17-Sep-98
_oSoles
650 _aEnfermería
942 _cTESIS
999 _c39049
_d39049